De como San Pedro entrevé la posibilidad de que el diablo suba al cielo
Guardado en:
| Hovedforfatter: | |
|---|---|
| Format: | Ukendt |
| Fag: | |
| Tags: |
Tilføj Tag
Ingen Tags, Vær først til at tagge denne postø!
|
MARC
| LEADER | 000000000a22000000004500 | ||
|---|---|---|---|
| 001 | 000233 | ||
| 041 | 0 | |a español | |
| 092 | 0 | |a Artículo 11: Ampo 1 | |
| 100 | 1 | |a Calsamigija, Eduardo | |
| 245 | 1 | 0 | |a De como San Pedro entrevé la posibilidad de que el diablo suba al cielo |
| 500 | |a Artículos recopilados por Alvaro Quesada Soto | ||
| 650 | 4 | |a CALSAMIGIJA, EDUARDO | |
| 650 | 4 | |a EL DIABLO EN EL CIELO | |
| 773 | 0 | |t El diablo en el cielo | |
| 773 | 0 | |g 1910 | |
| 773 | 0 | |g 1-30 | |
| 999 | |c 853 |d 853 | ||
